000
00303nam a22001217a 4500
008
230608b xxu||||| |||| 00| 0 eng d
082
_a
597.096
_b
COP
100
_c
Hugh Copley
245
_a
The Game Fishes of Africa
260
_a
London
_b
H. F. & G. Witherby LTD
_c
1952
300
_a
276p
942
_2
ddc
_c
BK
999
_c
830
_d
830